| 000 | 00508nam a2200205 a 4500 | ||
|---|---|---|---|
| 001 | BRCA_6154 | ||
| 005 | 20190320205343.0 | ||
| 008 | 050711s1922----gw-#######---#000-0#ger-# | ||
| 041 | _ager | ||
| 044 | _agw | ||
| 050 | 4 |
_aBR115 C5 _b.J33 1922 |
|
| 245 | 1 | 0 |
_aZivilisation und Kirche _cvon Ludwig Jacobskoetter. |
| 260 |
_aLeipzig _bG. Schloessmanns _c1922 |
||
| 300 |
_a271 p. _c20 cm. |
||
| 500 | _aI43 | ||
| 650 | 1 | 4 |
_aCivilización _91003 |
| 650 | 1 | 4 |
_aIglesia _915512 |
| 902 | _aGFM | ||
| 942 |
_2lcc _cB |
||
| 999 |
_c5841 _d5841 |
||